| 000 -LEADER |
| fixed length control field |
00544cam a22001577a 4500 |
| 008 - FIXED-LENGTH DATA ELEMENTS--GENERAL INFORMATION |
| fixed length control field |
180718b2017 xxu||||| |||| 00| 0 eng d |
| 020 ## - INTERNATIONAL STANDARD BOOK NUMBER |
| International Standard Book Number |
9788126922987 |
| 082 ## - DEWEY DECIMAL CLASSIFICATION NUMBER |
| Classification number |
T478 Sa21g |
| 100 ## - MAIN ENTRY--PERSONAL NAME |
| Personal name |
Saikia, Makhan |
| 9 (RLIN) |
945 |
| 245 ## - TITLE STATEMENT |
| Title |
Globalization and intellectual property rights : a comparative study of the patent governance systems of India and the European Union (EU) |
| Statement of responsibility, etc |
by Makhan Saikia |
| 260 ## - PUBLICATION, DISTRIBUTION, ETC. (IMPRINT) |
| Place of publication, distribution, etc |
New Delhi |
| Name of publisher, distributor, etc |
Atlantic |
| Date of publication, distribution, etc |
2017 |
| 300 ## - PHYSICAL DESCRIPTION |
| Extent |
466p. |
| 650 ## - SUBJECT ADDED ENTRY--TOPICAL TERM |
| Topical term or geographic name as entry element |
Globalization |
| 9 (RLIN) |
946 |
| 650 ## - SUBJECT ADDED ENTRY--TOPICAL TERM |
| Topical term or geographic name as entry element |
Intellectual property rights |
| 9 (RLIN) |
947 |
| 942 ## - ADDED ENTRY ELEMENTS (KOHA) |
| Source of classification or shelving scheme |
|